| 000 | 00738nam a2200253Ia 4500 | ||
|---|---|---|---|
| 003 | OSt | ||
| 005 | 20220918213247.0 | ||
| 006 | a|||||r|||| 00| 0 | ||
| 007 | ta | ||
| 008 | 220917b |||||||| |||| 00| 0 eng d | ||
| 024 | _a131,948 | ||
| 037 | _cTextual | ||
| 040 |
_aARTS _cARTS _beng |
||
| 041 |
_2eng _aeng |
||
| 082 | _aX:8, N4 (SD) | ||
| 100 |
_aScott Richard W _9126287 |
||
| 245 | 0 |
_aInstitutional environments and organizations _b structural complexity and individualism |
|
| 260 |
_aThousand _bOaks Sage Pub _c1994 |
||
| 300 |
_axi,328p. _ccm. |
||
| 650 | _aECONOMICS | ||
| 700 |
_a Meyer John W _9126288 |
||
| 942 |
_hX:8, N4 (SD) _cTEXL _2CC |
||
| 999 |
_c255070 _d255070 |
||